000
00279nam a22001217a 4500
008
180914b xxu||||| |||| 00| 0 eng d
041
_a
eng
080
_a
510
100
_a
510
101
_a
MAT
245
_a
College Algebra Concept And Models
_c
Larson.H
942
_2
udc
_c
BK
999
_c
47800
_d
47800